000
00300nam a22001337a 4500
008
170206b xxu||||| |||| 00| 0 eng d
020
_a
9780323049504
041
_a
eng
080
_2
7ED
_a
61
100
_a
3
101
_a
SHM
245
_a
EXPLORING MEDICAL LANGUAGE
_c
ANDREW ALLEN
942
_2
udc
_c
BK
999
_c
4716
_d
4716